[Event "Wch U10"]
[Site "Batumi"]
[Date "2022.09.19"]
[Round "4"]
[White "Batbaatar, Baatarbileg"]
[Black "Stepanyan, Davit"]
[Result "1/2-1/2"]
[WhiteElo "1711"]
[BlackElo "1376"]
[PlyCount "29"]
[EventDate "2022.09.16"]
[EventType "swiss"]
[EventRounds "11"]
[EventCountry "GEO"]
[SourceTitle "EXT 2023"]
[Source "ChessBase"]
[SourceDate "2022.10.05"]
[SourceVersion "1"]
[SourceVersionDate "2022.10.05"]
[SourceQuality "1"]

1. e4 c5 2. Nf3 e6 3. d4 cxd4 4. Nxd4 a6 5. Bd3 Qc7 6. 0-0 b5 7. a4 b4 8. Nd2 Nf6 9. Nc4 d6 10. a5 Nbd7 11. Bd2 d5 12. exd5 Nxd5 13. Nb3 Be7 14. f4 0-0 15. Qe2 1/2-1/2

[Event "Wch U10"]
[Site "Batumi"]
[Date "2022.09.17"]
[Round "2"]
[White "Liu, Zachary Hankun"]
[Black "Stepanyan, Davit"]
[Result "1-0"]
[WhiteElo "1845"]
[BlackElo "1376"]
[PlyCount "47"]
[EventDate "2022.09.16"]
[EventType "swiss"]
[EventRounds "11"]
[EventCountry "GEO"]
[SourceTitle "EXT 2023"]
[Source "ChessBase"]
[SourceDate "2022.10.05"]
[SourceVersion "1"]
[SourceVersionDate "2022.10.05"]
[SourceQuality "1"]

1. e4 c5 2. Nf3 e6 3. d4 cxd4 4. Nxd4 a6 5. Nc3 Qc7 6. Be3 b5 7. Be2 Nf6 8. Bf3 e5 9. Nf5 g6 10. Bg5 Qc6 11. Nd5 Nxd5 12. exd5 Qb6 13. d6 Nc6 14. Ne3 Qa5+ 15. c3 Bg7 16. Be7 Rb8 17. b4 Qa3 18. 0-0 Nxe7 19. dxe7 Kxe7 20. Qd2 Rd8 21. Nc2 Qa4 22. Bd5 Bh6 23. Qd1 d6 24. Bb3 1-0